000 00684nam a2200205 4500
001 27002
005 20230410130733.0
008 060907n1998 dr spa
020 _a8477384975
035 _9funglode27206
041 _aES
050 1 4 _aPN 5312 F954h 1998
100 _aFuentes, Juan Francisco
245 1 _aHistoria del periodismo español :
_bprensa, política y opinión pública en la España contemporánea /
_cJuan Francisco Fuentes, Javier Fernández Sebastián
260 _aMadrid :
_bSíntesis,
_c1998
300 _a397 p
440 _aCiencias de la información. Periodismo ;
_v16
700 _aFernández Sebastián, Javier
942 _2lcc
_cbk
999 _c79508
_d79508